| 000 | 00526nam a22002057a 4500 | ||
|---|---|---|---|
| 003 | OSt | ||
| 005 | 20140310184503.0 | ||
| 008 | 131012t xxu||||| |||| 00| 0 eng d | ||
| 020 | _a0439056543 | ||
| 050 |
_aPZ 7 _b.B882 1999 |
||
| 100 |
_aBrowne, Eillen _928743 |
||
| 245 |
_aHanda's surprise / _cEileen Browne. |
||
| 260 |
_aNew York : _bScholastic Inc., _c1999. |
||
| 300 |
_bill. col. ; _c23 cm. |
||
| 521 | _aG4 | ||
| 526 | _c610 | ||
| 650 |
_aJuvenile _xFiction _928744 |
||
| 942 |
_2lcc _cBK-SCHOLAS |
||
| 999 |
_c34768 _d34768 |
||